000 00815nam a2200229Ia 4500
001 9538
003 GE_BSU
008 181216s||||||||xx |||||||||||||| ||und||
040 _cGE_BSU
080 _a821.353.1–4
100 _aმარუაშვილი,გივი
245 _aრამაც დამაფიქრა
245 _bმხატვრული ნარკვევები
245 _cრედ.დ.შენგელია.მხატვრ.მ.ჭანიშვილი
260 _aთბილისი
260 _bსაქ.კპ.ცკ–ის გამ–ბა
260 _c1974
300 _a102გვ.17სმ.
653 _aმხატვრული ნარკვევები
653 _aრამაც დამაფიქრა
942 _cBK
999 _c42832
_d42832